[Event "GER-chT U14"]
[Site "Kelheim"]
[Date "2022.12.29"]
[Round "6"]
[White "Nhan, Jinhon Raymon"]
[Black "Dubinker, Philipp"]
[Result "0-1"]
[WhiteElo "1511"]
[BlackElo "1639"]
[PlyCount "136"]
[EventDate "2022.12.26"]
[EventType "team-swiss"]
[EventRounds "7"]
[EventCountry "GER"]
[SourceTitle "CBM 212 Extra"]
[Source "ChessBase"]
[SourceDate "2023.03.31"]
[SourceVersion "1"]
[SourceVersionDate "2023.03.31"]
[SourceQuality "1"]
[WhiteTeam "Plettenberg"]
[BlackTeam "Marburg"]
[WhiteTeamCountry "GER"]
[BlackTeamCountry "GER"]

1. d4 Nf6 2. c4 e6 3. Nc3 Bb4 4. Nf3 b6 5. g3 Bb7 6. Bg2 0-0 7. 0-0 Bxc3 8. bxc3 d6 9. Rb1 Nbd7 10. Ba3 c5 11. Qc1 Rc8 12. Rd1 Qc7 13. Qb2 Rfd8 14. Rbc1 Nb8 15. e3 Nc6 16. Nd2 Na5 17. Bxb7 Qxb7 18. f3 Rd7 19. Qb5 Rdc7 20. e4 Qc6 21. Nb3 Qxb5 22. cxb5 Nc4 23. dxc5 dxc5 24. Na1 Nxa3 25. c4 Rd7 26. e5 Nxc4 27. exf6 Rxd1+ 28. Rxd1 gxf6 29. Rd7 Na3 30. Rxa7 Nxb5 31. Rb7 Rc6 32. Kf2 Nd4 33. Ke3 e5 34. f4 c4 35. fxe5 fxe5 36. Ke4 c3 37. Kxe5 c2 38. Nxc2 Nxc2 39. h4 Kg7 40. g4 h6 41. Kf4 Nb4 42. Ra7 Rc2 43. a3 Ra2 44. Kf5 Nc2 45. Rb7 Rxa3 46. Rxb6 Nd4+ 47. Kf4 Ne6+ 48. Kf5 Ra5+ 49. Ke4 Ra4+ 50. Kf3 h5 51. gxh5 Rxh4 52. h6+ Rxh6 53. Rb7 Kg6 54. Rb6 Rh5 55. Ke4 Ra5 56. Ke3 Kg5 57. Rc6 Re5+ 58. Kf2 f5 59. Ra6 Kg4 60. Ra4+ f4 61. Ra8 f3 62. Ra4+ Nf4 63. Rb4 Re2+ 64. Kf1 Kg3 65. Rb8 Nd3 66. Rg8+ Kh4 67. Rh8+ Kg5 68. Rg8+ Kh6 0-1

[Event "GER-chT U12"]
[Site "Magdeburg"]
[Date "2021.08.06"]
[Round "4.3"]
[White "Nhan, Jinhon Raymon"]
[Black "Haubold, Sebastian Marcel"]
[Result "0-1"]
[WhiteElo "1413"]
[BlackElo "1813"]
[PlyCount "88"]
[EventDate "2021.08.04"]
[EventType "team-swiss"]
[EventRounds "7"]
[EventCountry "GER"]
[SourceTitle "EXT 2022"]
[Source "ChessBase"]
[SourceDate "2021.10.06"]
[SourceVersion "1"]
[SourceVersionDate "2021.10.06"]
[SourceQuality "1"]
[WhiteTeam "Plettenberg"]
[BlackTeam "Stassfurt Einheit"]
[WhiteTeamCountry "GER"]
[BlackTeamCountry "GER"]

1. Nf3 Nf6 2. g3 g6 3. Bg2 Bg7 4. 0-0 0-0 5. c4 d6 6. Nc3 c6 7. Rb1 e5 8. d3 Nbd7 9. b4 Qc7 10. Ba3 Ne8 11. b5 c5 12. Ne1 f5 13. Nd5 Qd8 14. Bc1 Nef6 15. Nc2 Nxd5 16. Bxd5+ Kh8 17. Bd2 f4 18. Qc1 Qf6 19. Bg2 Nb6 20. Rb3 Qf7 21. Ra3 Be6 22. Ra5 g5 23. Qa3 Nc8 24. b6 a6 25. f3 h5 26. e3 Nxb6 27. Qc1 Bf5 28. Ra3 Bh7 29. Rb3 Nc8 30. Rd1 b5 31. Ne1 Na7 32. Ra3 Nc6 33. cxb5 axb5 34. Rxa8 Rxa8 35. exf4 gxf4 36. gxf4 Rxa2 37. Qb1 Nd4 38. fxe5 dxe5 39. Be3 Ne2+ 40. Kh1 Nc3 41. Qc1 Nxd1 42. Qxd1 c4 43. dxc4 bxc4 44. Bd2 Qd7 0-1

[Event "GER-chT U12"]
[Site "Magdeburg"]
[Date "2021.08.06"]
[Round "3.4"]
[White "Semling, Julius"]
[Black "Nhan, Jinhon Raymon"]
[Result "1/2-1/2"]
[WhiteElo "1318"]
[BlackElo "1413"]
[PlyCount "57"]
[EventDate "2021.08.04"]
[EventType "team-swiss"]
[EventRounds "7"]
[EventCountry "GER"]
[SourceTitle "EXT 2022"]
[Source "ChessBase"]
[SourceDate "2021.10.06"]
[SourceVersion "1"]
[SourceVersionDate "2021.10.06"]
[SourceQuality "1"]
[WhiteTeam "Ohlsbach"]
[BlackTeam "Plettenberg"]
[WhiteTeamCountry "GER"]
[BlackTeamCountry "GER"]

1. e4 e6 2. d4 d5 3. Bd3 Nf6 4. e5 Nfd7 5. Nf3 c5 6. c3 Nc6 7. 0-0 Qb6 8. Be2 Be7 9. a3 a5 10. Re1 h6 11. h3 Qa7 12. a4 cxd4 13. cxd4 Nb4 14. Na3 b6 15. Nb5 Qb8 16. Bd3 Ba6 17. Bf4 Nxd3 18. Qxd3 0-0 19. Rac1 Bb4 20. Re2 Rc8 21. Rec2 Rxc2 22. Qxc2 Bxb5 23. axb5 Nf8 24. Bd2 Bxd2 25. Nxd2 Qd8 26. Qc7 Qxc7 27. Rxc7 Rb8 28. Nb1 Ng6 29. g3 1/2-1/2